Princíp fungovania softvérovej podpory obchodného prípadu bakalárska práca

Gespeichert in:
Bibliographische Detailangaben
1. Verfasser: Juračič, Marek
Körperschaft: Fakulta hospodárskej informatiky EU. Katedra aplikovanej informatiky
Weitere Verfasser: Chocholatá, Michaela, 1977-
Format: Buch
Sprache:Slowakisch
Veröffentlicht: Bratislava 2012
Tags: Tag hinzufügen
Keine Tags, Fügen Sie das erste Tag hinzu!

MARC

LEADER 00000nbm a2200000 4500
001 0156278
005 20161109111950.1
041 0 |a slo 
044 |a SK 
245 1 0 |a Princíp fungovania softvérovej podpory obchodného prípadu  |b bakalárska práca  |c Marek Juračič ; školiteľ: Michaela Chocholatá 
264 1 |a Bratislava  |c 2012 
300 |a 35 s. 
100 1 |a Juračič, Marek 
700 1 |a Chocholatá, Michaela, 1977- 
710 2 |a Fakulta hospodárskej informatiky EU. Katedra aplikovanej informatiky